Rzeczowniki z I na drugim miejscu - Statystyki

Ogólne statystyki
  • Ten quiz został rozwiązany 19 razy
  • Średni wynik to 63 z 189
Statystyki odpowiedzi
Odpowiedź % Poprawnych
biel
92%
wieś
83%
wilk
83%
bit
75%
lis
75%
piła
75%
piłka
75%
zima
75%
bieda
67%
bis
67%
biwak
67%
lizak
67%
miasto
67%
pies
67%
piwo
67%
wir
67%
zieleń
67%
bibuła
58%
ciasto
58%
gitara
58%
kieszeń
58%
kij
58%
piec
58%
pisak
58%
wiertarka
58%
wino
58%
wioska
58%
wiosna
58%
ziemia
58%
ziemniak
58%
bieg
50%
biologia
50%
bizon
50%
figa
50%
film
50%
fiołek
50%
kieł
50%
kino
50%
kit
50%
liczba
50%
limonka
50%
lipa
50%
list
50%
nić
50%
niebo
50%
piątek
50%
pin
50%
pion
50%
sierp
50%
zioło
50%
bidon
42%
bitwa
42%
ciastko
42%
hiena
42%
hipopotam
42%
kilof
42%
kiwi
42%
lina
42%
linijka
42%
liść
42%
litera
42%
mina
42%
niedziela
42%
piekarnia
42%
piekarnik
42%
piekarz
42%
pieprz
42%
pionek
42%
pióro
42%
piosenka
42%
pirat
42%
sieć
42%
sierpień
42%
siła
42%
siostra
42%
wiek
42%
wiertło
42%
willa
42%
wina
42%
bilet
33%
ciecz
33%
ciemność
33%
ciotka
33%
figura
33%
fiolet
33%
firanka
33%
fiszka
33%
gil
33%
historia
33%
liczydło
33%
lilia
33%
linia
33%
literatura
33%
mięso
33%
mit
33%
pijak
33%
pinezka
33%
siano
33%
siatka
33%
siatkówka
33%
siodło
33%
wiadomość
33%
widły
33%
widmo
33%
winogrono
33%
wiza
33%
ziarno
33%
biceps
25%
bigos
25%
cisza
25%
dieta
25%
dioda
25%
filar
25%
filet
25%
fiolka
25%
kilogram
25%
kilometr
25%
kimono
25%
lista
25%
mila
25%
milimetr
25%
miód
25%
pieczeń
25%
pięść
25%
pięta
25%
piosenkarz
25%
pisarz
25%
pismo
25%
siedzenie
25%
siemię
25%
sitko
25%
wizyta
25%
biszkopt
17%
ciało
17%
ciecierzyca
17%
cielęcina
17%
ciepło
17%
ciężar
17%
fistaszek
17%
hibiskus
17%
hipoteza
17%
hit
17%
kibic
17%
kiść
17%
lipiec
17%
listopad
17%
miarka
17%
mięta
17%
mikser
17%
pieg
17%
pigwa
17%
piłkarz
17%
piórnik
17%
pirania
17%
pita
17%
siłownia
17%
wielkość
17%
zięć
17%
bingo
8%
dietetyk
8%
ginekolog
8%
hipnoza
8%
limuzyna
8%
mianownik
8%
migdał
8%
migracja
8%
mikstura
8%
niedźwiedź
8%
tir
8%
tiul
8%
wiedźma
8%
wigilia
8%
wiolonczela
8%
wiśnia
8%
witamina
8%
biesiada
0%
dialog
0%
diwa
0%
fiesta
0%
filologia
0%
kisiel
0%
licytacja
0%
migrena
0%
niewola
0%
piękno
0%
pieprzyk
0%
witryna
0%
wizerunek
0%
zięba
0%
Nie znaleziono quizów pasujących do podanych kryteriów
Rozkład punktacji
Procent ludzi z każdym wynikiem
Percentyl według liczby udzielonych odpowiedzi
Twoja historia wyników
Nie rozwiązałeś tego quizu